[Event "Berlin Lichtenberger op 7th"]
[Site "Berlin"]
[Date "2008.08.24"]
[Round "9"]
[White "Pozzo, Sebastian"]
[Black "Gohlke, Herbert"]
[Result "1-0"]
[WhiteElo "1980"]
[BlackElo "2089"]
[PlyCount "117"]
[EventDate "2008.08.16"]
[EventType "swiss"]
[EventRounds "9"]
[EventCountry "GER"]
[SourceTitle "CBM 126 Extra"]
[Source "ChessBase"]
[SourceDate "2008.11.05"]
[SourceVersion "1"]
[SourceVersionDate "2008.11.05"]
[SourceQuality "1"]

1. e4 Nc6 2. d4 e5 3. Nf3 exd4 4. Bc4 d6 5. 0-0 Be6 6. Bb5 a6 7. Ba4 b5 8. Bb3 Be7 9. Nxd4 Nxd4 10. Qxd4 Bf6 11. Qd3 Ne7 12. a4 0-0 13. Na3 b4 14. Nc4 d5 15. exd5 Qxd5 16. Qe2 Qf5 17. Rb1 Qg6 18. Bf4 Nd5 19. Bg3 Rfe8 20. Ne5 Bxe5 21. Qxe5 c6 22. Qd6 Rac8 23. Bc4 Qxc2 24. Rfc1 Qd2 25. Bxa6 Rcd8 26. Qxc6 Bd7 27. Qb7 Bxa4 28. Bc4 Bc2 29. Ra1 b3 30. Bxb3 Bxb3 31. Qxb3 Nf4 32. Bxf4 Qxf4 33. g3 Qf6 34. Re1 Rxe1+ 35. Rxe1 h5 36. Qb5 g6 37. Re8+ Kh7 38. Rxd8 Qxd8 39. Qb7 Kg7 40. b4 h4 41. Kg2 g5 42. Qe4 hxg3 43. hxg3 Qd7 44. Qe5+ f6 45. Qc5 Qb7+ 46. Kg1 Qe4 47. b5 Qb1+ 48. Kg2 Qe4+ 49. Kf1 g4 50. Qc7+ Kg6 51. Qc6 Qb1+ 52. Ke2 Kg5 53. Qd5+ Kh6 54. Qd3 Qa1 55. b6 Kh5 56. Qf5+ Kh6 57. Qd3 Kh5 58. Qb5+ Kg6 59. b7 1-0

[Event "Berlin Lichtenberger op 7th"]
[Site "Berlin"]
[Date "2008.08.21"]
[Round "6"]
[White "Gohlke, Herbert"]
[Black "Wasem, Ralph"]
[Result "0-1"]
[WhiteElo "2089"]
[BlackElo "2100"]
[PlyCount "114"]
[EventDate "2008.08.16"]
[EventType "swiss"]
[EventRounds "9"]
[EventCountry "GER"]
[SourceTitle "CBM 126 Extra"]
[Source "ChessBase"]
[SourceDate "2008.11.05"]
[SourceVersion "1"]
[SourceVersionDate "2008.11.05"]
[SourceQuality "1"]

1. e4 c5 2. f4 d5 3. e5 Nc6 4. Nf3 Bg4 5. Be2 e6 6. 0-0 Nh6 7. Nc3 Nf5 8. a3 Be7 9. d3 a6 10. Ne1 Bxe2 11. Nxe2 Qb6 12. c3 h5 13. Nc2 Na5 14. Bd2 Nb3 15. Rb1 g6 16. Be1 a5 17. Bf2 a4 18. Ne3 Qc6 19. Nc1 Nxe3 20. Bxe3 d4 21. Nxb3 dxe3 22. Na1 Rd8 23. Qe2 h4 24. h3 c4 25. d4 g5 26. Qf3 Qxf3 27. Rxf3 gxf4 28. Rxf4 Bg5 29. Rg4 Rg8 30. Nc2 Ke7 31. Re1 f6 32. exf6+ Kxf6 33. Nxe3 Bxe3+ 34. Rxe3 Rxg4 35. hxg4 Rd5 36. Kf2 Rb5 37. Re2 Rb6 38. Kf3 Kg5 39. Re5+ Kf6 40. Ra5 Rxb2 41. Rxa4 b5 42. Ra6 Rc2 43. d5 Rxc3+ 44. Kf4 Rd3 45. Rxe6+ Kf7 46. Ke4 Rxa3 47. Rb6 Rg3 48. Kf5 Rxg2 49. Rxb5 h3 50. Rb7+ Ke8 51. d6 h2 52. Rh7 c3 53. Ke6 Re2+ 54. Kd5 c2 55. d7+ Kd8 56. Kd6 Rd2+ 57. Ke6 Kc7 0-1

[Event "Berlin Lichtenberger op 7th"]
[Site "Berlin"]
[Date "2008.08.20"]
[Round "5"]
[White "Kapr, Klaus"]
[Black "Gohlke, Herbert"]
[Result "0-1"]
[WhiteElo "2059"]
[BlackElo "2089"]
[PlyCount "76"]
[EventDate "2008.08.16"]
[EventType "swiss"]
[EventRounds "9"]
[EventCountry "GER"]
[SourceTitle "CBM 126 Extra"]
[Source "ChessBase"]
[SourceDate "2008.11.05"]
[SourceVersion "1"]
[SourceVersionDate "2008.11.05"]
[SourceQuality "1"]

1. e4 Nc6 2. Nf3 e5 3. Bb5 d6 4. c3 a6 5. Ba4 Be7 6. 0-0 Nf6 7. Re1 b5 8. Bb3 Be6 9. d4 Bxb3 10. Qxb3 0-0 11. Bg5 Nd7 12. Be3 Na5 13. Qc2 Nc4 14. Bc1 c5 15. b3 Ncb6 16. d5 c4 17. Ba3 Qc7 18. Nbd2 Rac8 19. Bb4 g6 20. bxc4 Nxc4 21. Nxc4 Qxc4 22. Qb2 f5 23. a4 fxe4 24. Nd2 Qxd5 25. Nxe4 Rc4 26. Qa2 Qf7 27. axb5 axb5 28. Rad1 Nc5 29. Nxd6 Bxd6 30. Rxd6 Ne4 31. Rd3 Rfc8 32. Rf3 Nf6 33. Rxe5 Rxb4 34. Qc2 Qb3 35. Qd2 Re4 36. Rxe4 Nxe4 37. Qe1 Rxc3 38. Rf4 Qc4 0-1

[Event "EU-chT Seniors 10th"]
[Site "Dresden"]
[Date "2008.02.19"]
[Round "9.3"]
[White "Huebner, Wolfgang"]
[Black "Gohlke, Herbert"]
[Result "1/2-1/2"]
[WhiteElo "2072"]
[BlackElo "2103"]
[PlyCount "50"]
[EventDate "2008.02.11"]
[EventType "team-swiss"]
[EventRounds "9"]
[EventCountry "GER"]
[SourceTitle "CBM 122 Extra"]
[Source "ChessBase"]
[SourceDate "2008.03.04"]
[SourceVersion "1"]
[SourceVersionDate "2008.03.04"]
[SourceQuality "1"]
[WhiteTeam "Rhein Sieg"]
[BlackTeam "Brandenburg"]
[WhiteTeamCountry "GER"]
[BlackTeamCountry "GER"]

1. e4 Nc6 2. d4 e5 3. Nf3 exd4 4. Nxd4 Nxd4 5. Qxd4 Qf6 6. e5 Qb6 7. Qxb6 axb6 8. Nc3 Bb4 9. Bd2 Bxc3 10. Bxc3 Ne7 11. Bc4 0-0 12. 0-0-0 Nc6 13. f4 b5 14. Bxb5 Rxa2 15. Kb1 Ra8 16. h3 b6 17. f5 Nb8 18. f6 g6 19. h4 Bb7 20. h5 Bxg2 21. Rh2 Bf3 22. hxg6 Bxd1 23. g7 h5 24. gxf8Q+ Kxf8 25. Bd3 Bg4 1/2-1/2

[Event "EU-chT Seniors 10th"]
[Site "Dresden"]
[Date "2008.02.16"]
[Round "6.3"]
[White "Gohlke, Herbert"]
[Black "Ozbilen, Hayri"]
[Result "0-1"]
[WhiteElo "2103"]
[BlackElo "2087"]
[PlyCount "94"]
[EventDate "2008.02.11"]
[EventType "team-swiss"]
[EventRounds "9"]
[EventCountry "GER"]
[SourceTitle "CBM 122 Extra"]
[Source "ChessBase"]
[SourceDate "2008.03.04"]
[SourceVersion "1"]
[SourceVersionDate "2008.03.04"]
[SourceQuality "1"]
[WhiteTeam "Brandenburg"]
[BlackTeam "Turkey"]
[WhiteTeamCountry "GER"]
[BlackTeamCountry "TUR"]

1. e4 c5 2. f4 Nc6 3. d3 e6 4. Nf3 d5 5. e5 Nge7 6. Be3 d4 7. Bf2 Nd5 8. g3 Qb6 9. Qc1 Be7 10. Be2 Qa5+ 11. Qd2 Qxd2+ 12. Nbxd2 0-0 13. Ne4 b5 14. 0-0 Ba6 15. c3 dxc3 16. bxc3 Rfc8 17. c4 bxc4 18. dxc4 Nb6 19. Nxc5 Bxc4 20. Bxc4 Nxc4 21. Ne4 Nb4 22. Rfd1 Nd5 23. Rd3 h6 24. h4 a5 25. Ned2 Na3 26. Ne1 Kh7 27. Nb3 g6 28. Rc1 Rxc1 29. Nxc1 Rc8 30. Ne2 Nc2 31. Nd4 Nxe1 32. Bxe1 Rc1 33. Kf1 Bb4 34. Nf3 Ra1 35. a3 Bxa3 36. Kg2 Ra2+ 37. Kh3 Bb4 38. Bd2 Kg7 39. Bxb4 axb4 40. Nd2 Ra3 41. Nb3 Nc3 42. Nc5 Ne4 43. Rxa3 bxa3 44. Nb3 f6 45. Kg4 a2 46. Na1 Nd2 47. Kh3 fxe5 0-1

[Event "EU-chT Seniors 10th"]
[Site "Dresden"]
[Date "2008.02.14"]
[Round "4.3"]
[White "Gohlke, Herbert"]
[Black "Perk, Egbert"]
[Result "1/2-1/2"]
[WhiteElo "2103"]
[BlackElo "2011"]
[PlyCount "57"]
[EventDate "2008.02.11"]
[EventType "team-swiss"]
[EventRounds "9"]
[EventCountry "GER"]
[SourceTitle "CBM 122 Extra"]
[Source "ChessBase"]
[SourceDate "2008.03.04"]
[SourceVersion "1"]
[SourceVersionDate "2008.03.04"]
[SourceQuality "1"]
[WhiteTeam "Brandenburg"]
[BlackTeam "Widukind"]
[WhiteTeamCountry "GER"]
[BlackTeamCountry "GER"]

1. e4 d6 2. d3 e5 3. f4 Nf6 4. Be2 Nc6 5. Nf3 Be7 6. 0-0 0-0 7. c3 a6 8. h3 h6 9. fxe5 dxe5 10. Be3 Nh5 11. Nbd2 Ng3 12. Rf2 f5 13. exf5 Nxf5 14. Nf1 Nxe3 15. Nxe3 Bc5 16. Qc1 Ba7 17. Rf1 Be6 18. Kh2 Qe7 19. Nc2 Qd6 20. Kh1 Rad8 21. Qe1 Ne7 22. d4 exd4 23. Ncxd4 Bd5 24. Rd1 c5 25. Nc2 Qc7 26. c4 Bxf3 27. Rxf3 Bb8 28. g3 Rxd1 29. Bxd1 1/2-1/2

[Event "EU-chT Seniors 10th"]
[Site "Dresden"]
[Date "2008.02.11"]
[Round "1.3"]
[White "Andrich, Hans Ludwig"]
[Black "Gohlke, Herbert"]
[Result "0-1"]
[WhiteElo "1992"]
[BlackElo "2103"]
[PlyCount "92"]
[EventDate "2008.02.11"]
[EventType "team-swiss"]
[EventRounds "9"]
[EventCountry "GER"]
[SourceTitle "CBM 122 Extra"]
[Source "ChessBase"]
[SourceDate "2008.03.04"]
[SourceVersion "1"]
[SourceVersionDate "2008.03.04"]
[SourceQuality "1"]
[WhiteTeam "Coswig"]
[BlackTeam "Brandenburg"]
[WhiteTeamCountry "GER"]
[BlackTeamCountry "GER"]

1. d4 d5 2. c4 c6 3. Nf3 e6 4. e3 Nf6 5. Nc3 Be7 6. Bd3 dxc4 7. Bxc4 Nbd7 8. 0-0 b5 9. Bd3 a5 10. e4 b4 11. Na4 0-0 12. b3 Ba6 13. Bxa6 Rxa6 14. Qe2 Ra8 15. Bb2 Nb6 16. Nxb6 Qxb6 17. Rac1 Nd7 18. Nd2 a4 19. Nc4 Qb5 20. Qc2 axb3 21. axb3 Qb7 22. Ne3 c5 23. d5 Ra6 24. Ra1 Bf6 25. Rxa6 Qxa6 26. Ra1 Qd6 27. f3 Bxb2 28. Qxb2 exd5 29. Nxd5 f5 30. Qe2 Qe5 31. Rd1 fxe4 32. fxe4 Nf6 33. Nxf6+ Qxf6 34. Qc4+ Qf7 35. Qxf7+ Rxf7 36. Rc1 Rc7 37. Rc4 Kf7 38. Kf2 Ke6 39. Ke3 Kd6 40. Rc2 Kc6 41. Rd2 Ra7 42. Kd3 Ra1 43. Rf2 Rc1 44. Rc2 Rb1 45. Ra2 Rxb3+ 46. Kc2 Rc3+ 0-1

[Event "GER-chT Seniors 16th"]
[Site "Halle"]
[Date "2007.09.13"]
[Round "1.1"]
[White "Adibekian, Roubik"]
[Black "Gohlke, Herbert"]
[Result "1/2-1/2"]
[WhiteElo "2252"]
[BlackElo "2093"]
[PlyCount "50"]
[EventDate "2007.09.13"]
[EventType "team"]
[EventRounds "7"]
[EventCountry "GER"]
[SourceTitle "EXT 2008"]
[Source "ChessBase"]
[SourceDate "2007.11.25"]
[SourceVersion "1"]
[SourceVersionDate "2007.11.25"]
[SourceQuality "1"]

1. d4 d5 2. Nf3 c6 3. g3 Nf6 4. Bg2 Bf5 5. 0-0 e6 6. c4 Be7 7. Nc3 Ne4 8. cxd5 Nxc3 9. bxc3 exd5 10. Bf4 Nd7 11. Nd2 0-0 12. e4 dxe4 13. Nxe4 Nf6 14. Nxf6+ Bxf6 15. a4 Qd7 16. Re1 Rfe8 17. Qd2 Rxe1+ 18. Rxe1 Re8 19. Rxe8+ Qxe8 20. c4 h6 21. h4 b6 22. a5 Qd7 23. axb6 axb6 24. d5 cxd5 25. Bxd5 Be6 1/2-1/2

[Event "GER-ch Seniors Gp-A 19th"]
[Site "Templin"]
[Date "2007.08.29"]
[Round "7"]
[White "Hellwege, Werner"]
[Black "Gohlke, Herbert"]
[Result "1/2-1/2"]
[WhiteElo "1883"]
[BlackElo "1980"]
[PlyCount "102"]
[EventDate "2007.08.23"]
[EventType "swiss"]
[EventRounds "9"]
[EventCountry "GER"]
[SourceTitle "EXT 2022"]
[Source "ChessBase"]
[SourceDate "2021.10.06"]
[SourceVersion "1"]
[SourceVersionDate "2021.10.06"]
[SourceQuality "1"]

1. d4 d5 2. c4 c6 3. Nc3 Nf6 4. Nf3 e6 5. Bf4 Bd6 6. Bxd6 Qxd6 7. e3 Nbd7 8. Qc2 dxc4 9. Bxc4 Nd5 10. Ne4 Qe7 11. 0-0 f5 12. Ned2 0-0 13. a3 N7f6 14. Rae1 Bd7 15. e4 fxe4 16. Nxe4 Nxe4 17. Rxe4 Qf6 18. Rfe1 Nf4 19. Ne5 Be8 20. Qd2 Qg5 21. Rxf4 Qxf4 22. Bxe6+ Kh8 23. Qxf4 Rxf4 24. d5 Rf6 25. Ng4 Rf8 26. d6 Rd8 27. Rd1 Bf7 28. Bxf7 Rxf7 29. Ne5 Rf5 30. Re1 Kg8 31. d7 g5 32. f3 Kg7 33. g3 h5 34. Re4 Kf6 35. f4 gxf4 36. gxf4 Rxf4 37. Rxf4+ Kxe5 38. Rh4 Rxd7 39. Rxh5+ Kf4 40. Rh4+ Kf3 41. Rh3+ Kg4 42. Rb3 b6 43. Rb4+ Kf3 44. Rb3+ Ke4 45. Kg2 c5 46. Kg3 c4 47. Rb4 Rg7+ 48. Kf2 Kd3 49. Kf3 Rh7 50. Kg3 Rg7+ 51. Kf4 Rg1 1/2-1/2

[Event "GER-ch Seniors Gp-A 19th"]
[Site "Templin"]
[Date "2007.08.28"]
[Round "6"]
[White "Gohlke, Herbert"]
[Black "Metzger, Eberhard"]
[Result "1-0"]
[WhiteElo "1980"]
[BlackElo "1791"]
[PlyCount "100"]
[EventDate "2007.08.23"]
[EventType "swiss"]
[EventRounds "9"]
[EventCountry "GER"]
[SourceTitle "EXT 2022"]
[Source "ChessBase"]
[SourceDate "2021.10.06"]
[SourceVersion "1"]
[SourceVersionDate "2021.10.06"]
[SourceQuality "1"]

1. e4 d6 2. f4 g6 3. d3 Bg7 4. c3 Nd7 5. Nf3 e6 6. Be3 Ne7 7. Be2 h6 8. Nbd2 b6 9. Qc2 Bb7 10. Bf2 c5 11. Nc4 Qc7 12. Ncd2 0-0 13. 0-0 Kh7 14. Rae1 Rae8 15. Bd1 Nc6 16. Bg3 Nf6 17. h3 Nd7 18. Kh1 f5 19. Bh2 Nf6 20. Rf2 Ne7 21. e5 dxe5 22. Nxe5 Nc6 23. Nxc6 Bxc6 24. Bf3 b5 25. Rfe2 Qd6 26. Bxc6 Qxc6 27. Nf3 Re7 28. Ne5 Qd6 29. Rd1 Qa6 30. b3 Nd5 31. c4 Nb4 32. cxb5 Qxb5 33. Qc4 Qb6 34. Bg1 Rc7 35. Nf3 Nd5 36. g3 Qc6 37. Rf1 Re8 38. Kh2 Qd6 39. Ne5 Rf8 40. Rfe1 Re8 41. Qb5 Rec8 42. Qc4 Bf6 43. a3 Rg8 44. Nf3 Re8 45. Nd2 Rce7 46. Bxc5 Qd7 47. Bxe7 Rxe7 48. Nf3 g5 49. fxg5 hxg5 50. Ne5 f4 1-0

[Event "GER-ch Seniors Gp-A 19th"]
[Site "Templin"]
[Date "2007.08.24"]
[Round "2"]
[White "Gohlke, Herbert"]
[Black "Janssen, Lieselotte"]
[Result "1-0"]
[WhiteElo "1980"]
[BlackElo "1790"]
[PlyCount "164"]
[EventDate "2007.08.23"]
[EventType "swiss"]
[EventRounds "9"]
[EventCountry "GER"]
[SourceTitle "EXT 2022"]
[Source "ChessBase"]
[SourceDate "2021.10.06"]
[SourceVersion "1"]
[SourceVersionDate "2021.10.06"]
[SourceQuality "1"]

1. e4 c5 2. f4 d6 3. Nf3 Nc6 4. d3 e5 5. Be2 Nf6 6. c3 Be7 7. Na3 a6 8. 0-0 b5 9. Nc2 0-0 10. h3 Bb7 11. a4 Qb6 12. axb5 axb5 13. Rxa8 Rxa8 14. fxe5 dxe5 15. Kh2 Qc7 16. Ne3 Rd8 17. Qb3 b4 18. Nf5 Ba6 19. Qa4 Bb7 20. Bg5 Ra8 21. Qc2 h6 22. Bh4 Bc8 23. g4 Bxf5 24. gxf5 Nh5 25. Be1 Nf4 26. Bg3 Nxe2 27. Qxe2 Bd6 28. f6 g6 29. Qd2 Kh7 30. h4 Rg8 31. Kg2 Qd8 32. Qd1 bxc3 33. bxc3 Rh8 34. Qb3 Kg8 35. Qd5 Qc7 36. Nh2 Kh7 37. Ng4 Rb8 38. Rf2 Rd8 39. Qa2 Bf8 40. Qa6 Qd6 41. Rf3 Qc7 42. Ne3 Rb8 43. Nd5 Rb2+ 44. Bf2 Qd7 45. Rg3 Nb8 46. Qa3 Qb7 47. Qa4 Qb5 48. Qd1 Nd7 49. h5 Qc6 50. Qf3 Qe6 51. hxg6+ fxg6 52. Rh3 Qf7 53. Kg3 g5 54. Qf5+ Kg8 55. Be3 Qh7 56. Qxh7+ Kxh7 57. Bxg5 Kg6 58. Be3 Nxf6 59. Nxf6 Kxf6 60. Bxh6 Bd6 61. Kf3 Rc2 62. c4 Ra2 63. Be3 Ra3 64. Rh6+ Ke7 65. Bg5+ Kd7 66. Ke3 Ra1 67. Rh7+ Kc6 68. Rh6 Kd7 69. Bh4 Rh1 70. Bg5 Rxh6 71. Bxh6 Ke6 72. Kf3 Kf6 73. Kg4 Kg6 74. Bg5 Bf8 75. Bd8 Bd6 76. Bb6 Kf6 77. Kh5 Be7 78. Ba5 Bd6 79. Be1 Be7 80. Bg3 Kg7 81. Be1 Kg8 82. Bh4 Kf7 1-0

[Event "Nuremberg LGA Cup 2nd"]
[Site "Nuremberg"]
[Date "2005.09.11"]
[Round "7.31"]
[White "Gohlke, Herbert"]
[Black "Klein, Waldemar"]
[Result "1-0"]
[WhiteElo "2003"]
[BlackElo "1996"]
[PlyCount "121"]
[EventDate "2005.09.08"]
[EventType "swiss"]
[EventRounds "7"]
[EventCountry "GER"]
[SourceTitle "EXT 2022"]
[Source "ChessBase"]
[SourceDate "2021.10.06"]
[SourceVersion "1"]
[SourceVersionDate "2021.10.06"]
[SourceQuality "1"]

1. e4 c6 2. f4 d5 3. e5 g6 4. d4 h5 5. Bd3 Bg4 6. Nf3 e6 7. c3 Nh6 8. Be3 Nf5 9. Bf2 Qb6 10. b3 Bh6 11. h3 Bxf3 12. Qxf3 Bg7 13. g3 Nd7 14. Nd2 0-0-0 15. a4 Qc7 16. b4 Rdg8 17. Nb3 Bf8 18. Kd2 Kb8 19. g4 Ne7 20. Bh4 Nc8 21. a5 Be7 22. Bxe7 Nxe7 23. Nc5 Nc8 24. Nxd7+ Qxd7 25. f5 Qe7 26. f6 hxg4 27. hxg4 Qf8 28. Rxh8 Rxh8 29. Rh1 Qg8 30. Rh3 b5 31. Qh1 Rxh3 32. Qxh3 Kc7 33. Qh6 Kd7 34. Ke3 g5 35. a6 Ke8 36. Kd2 Kd7 37. Kc2 Ke8 38. Kb3 Kd7 39. Qh2 Ke8 40. Qh5 Nb6 41. Kc2 Nc8 42. Qh6 Kd7 43. Kd2 Ke8 44. Ke2 Kd7 45. Kf3 Ke8 46. Kg3 Kd7 47. Qh5 Ke8 48. Bc2 Nb6 49. Bd3 Nc8 50. Bh7 Qh8 51. Qh6 Kd7 52. Kf3 Ke8 53. Qh5 Nb6 54. Bg6 Qg8 55. Bxf7+ Qxf7 56. Qxg5 Na4 57. Qh6 Qf8 58. g5 Nb6 59. Qh7 Kd8 60. g6 Nd7 61. g7 1-0

[Event "Nuremberg LGA Cup 2nd"]
[Site "Nuremberg"]
[Date "2005.09.09"]
[Round "2.29"]
[White "Gohlke, Herbert"]
[Black "Kirch, Daniel"]
[Result "1-0"]
[WhiteElo "2003"]
[BlackElo "1860"]
[PlyCount "107"]
[EventDate "2005.09.08"]
[EventType "swiss"]
[EventRounds "7"]
[EventCountry "GER"]
[SourceTitle "EXT 2022"]
[Source "ChessBase"]
[SourceDate "2021.10.06"]
[SourceVersion "1"]
[SourceVersionDate "2021.10.06"]
[SourceQuality "1"]

1. e4 Nf6 2. d3 d6 3. f4 g6 4. Nf3 Bg7 5. c3 0-0 6. Be3 e5 7. fxe5 dxe5 8. Nbd2 Nc6 9. Qc2 Ng4 10. Bc5 Re8 11. h3 b6 12. Bg1 Nf6 13. g4 h5 14. g5 Nh7 15. Be3 Nf8 16. 0-0-0 Ne6 17. a3 a5 18. Be2 b5 19. Nb3 a4 20. Nc5 Nxc5 21. Bxc5 Na5 22. d4 exd4 23. Bxd4 Bxd4 24. Nxd4 Qxg5+ 25. Kb1 Rb8 26. Rhg1 Qe5 27. h4 Be6 28. Bd3 Bb3 29. Nxb3 Nxb3 30. Rg5 Qf4 31. Qg2 Re5 32. Rg3 Nc5 33. Rf1 Nxd3 34. Rxf4 Nxf4 35. Qf3 Ne6 36. Qf6 Rxe4 37. Rxg6+ fxg6 38. Qxg6+ Ng7 39. Qxe4 Re8 40. Qd5+ Kh8 41. Qxb5 Re4 42. Qb8+ Kh7 43. Qd8 Ne6 44. Qf6 Ng7 45. Qf2 Rg4 46. Ka2 Kg6 47. b3 axb3+ 48. Kxb3 Nf5 49. a4 Rxh4 50. a5 Re4 51. a6 Re6 52. a7 Rb6+ 53. Qxb6+ cxb6 54. a8Q 1-0

[Event "Wch Seniors 14th"]
[Site "Halle"]
[Date "2004.11.05"]
[Round "11"]
[White "Rahn, Oskar"]
[Black "Gohlke, Herbert"]
[Result "1-0"]
[WhiteElo "2084"]
[BlackElo "2191"]
[PlyCount "87"]
[EventDate "2004.10.24"]
[EventType "swiss"]
[EventRounds "11"]
[EventCountry "GER"]
[SourceTitle "EXT 2005"]
[Source "ChessBase"]
[SourceDate "2004.11.15"]
[SourceVersion "1"]
[SourceVersionDate "2004.11.15"]
[SourceQuality "1"]

1. e4 Nc6 2. Nf3 e5 3. d4 exd4 4. Nxd4 Nxd4 5. Qxd4 Qf6 6. Qxf6 Nxf6 7. Bd3 Be7 8. Nc3 a6 9. e5 Ng8 10. 0-0 Bc5 11. Nd5 Kd8 12. Bg5+ Be7 13. Bf4 Nh6 14. Rfe1 b5 15. Nxe7 Kxe7 16. Bg5+ Ke8 17. Be4 Rb8 18. Rad1 Ng8 19. Be3 c6 20. Bc5 Ne7 21. Bd6 Ra8 22. f4 g6 23. g4 h5 24. Bxe7 Kxe7 25. g5 Re8 26. Rd6 Kf8 27. Red1 Kg7 28. Bg2 Re6 29. R6d2 Ra7 30. Bh3 Re7 31. Rd6 Rc7 32. Kf2 c5 33. Ke3 Ra7 34. R1d5 Rc7 35. Rd2 Ra7 36. c3 Rc7 37. Bg2 Re6 38. Bd5 Re7 39. Kf2 Re8 40. Rb6 Re7 41. Bg2 Kf8 42. Rdd6 Ke8 43. Bd5 Ra7 44. Rf6 1-0

[Event "Wch Seniors 14th"]
[Site "Halle"]
[Date "2004.11.04"]
[Round "10"]
[White "Gohlke, Herbert"]
[Black "Van den Berg, Ad"]
[Result "0-1"]
[WhiteElo "2191"]
[BlackElo "2267"]
[PlyCount "90"]
[EventDate "2004.10.24"]
[EventType "swiss"]
[EventRounds "11"]
[EventCountry "GER"]
[SourceTitle "EXT 2005"]
[Source "ChessBase"]
[SourceDate "2004.11.15"]
[SourceVersion "1"]
[SourceVersionDate "2004.11.15"]
[SourceQuality "1"]

1. e4 c5 2. f4 d5 3. e5 Nc6 4. Nf3 Bg4 5. Be2 e6 6. 0-0 Nge7 7. d3 Nf5 8. c3 Be7 9. Na3 Qd7 10. Nc2 b5 11. Ne3 Nxe3 12. Bxe3 Rd8 13. h3 Bxf3 14. Rxf3 d4 15. Bf2 h5 16. h4 g6 17. Rh3 a5 18. Bf3 dxc3 19. bxc3 b4 20. Rc1 bxc3 21. Rxc3 Nd4 22. Be4 Kf8 23. Rc4 Kg7 24. Kh2 Qb5 25. Qa4 Qb2 26. Bxd4 Rxd4 27. Rxd4 cxd4 28. Qxa5 Qc1 29. Rf3 Bxh4 30. Qb6 Be1 31. Qxd4 h4 32. Rf1 Bg3+ 33. Kg1 Rc8 34. f5 gxf5 35. Bxf5 exf5 36. e6+ f6 37. Qd7+ Kh6 38. e7 Qe3+ 39. Kh1 Rc1 40. Qxf5 Rxf1+ 41. Qxf1 Qxe7 42. Qc1+ Kg6 43. a4 Bc7 44. Qd1 f5 45. Qc1 Qd6 0-1

[Event "Wch Seniors 14th"]
[Site "Halle"]
[Date "2004.11.03"]
[Round "9"]
[White "Bodenstein, Joachim"]
[Black "Gohlke, Herbert"]
[Result "0-1"]
[WhiteElo "2019"]
[BlackElo "2191"]
[PlyCount "52"]
[EventDate "2004.10.24"]
[EventType "swiss"]
[EventRounds "11"]
[EventCountry "GER"]
[SourceTitle "EXT 2005"]
[Source "ChessBase"]
[SourceDate "2004.11.15"]
[SourceVersion "1"]
[SourceVersionDate "2004.11.15"]
[SourceQuality "1"]

1. e4 Nc6 2. d4 e5 3. Nf3 exd4 4. Nxd4 Bc5 5. Be3 Qf6 6. c3 Nge7 7. Qa4 Nxd4 8. cxd4 Bb6 9. Nc3 0-0 10. Bd3 d6 11. 0-0 c6 12. e5 Qh4 13. Ne4 Nf5 14. Nxd6 Nxd6 15. exd6 Be6 16. Qc2 Bd5 17. g3 Qh5 18. Be4 Rfe8 19. f3 Rad8 20. g4 Bxe4 21. fxe4 Qxg4+ 22. Qg2 Qxe4 23. Rf3 Rxd6 24. Qf2 Rg6+ 25. Kf1 Qd3+ 26. Ke1 Ba5+ 0-1

[Event "Wch Seniors 14th"]
[Site "Halle"]
[Date "2004.10.27"]
[Round "4"]
[White "Gohlke, Herbert"]
[Black "Schneider, Siegfried"]
[Result "1-0"]
[WhiteElo "2191"]
[BlackElo "2019"]
[PlyCount "43"]
[EventDate "2004.10.24"]
[EventType "swiss"]
[EventRounds "11"]
[EventCountry "GER"]
[SourceTitle "EXT 2005"]
[Source "ChessBase"]
[SourceDate "2004.11.15"]
[SourceVersion "1"]
[SourceVersionDate "2004.11.15"]
[SourceQuality "1"]

1. e4 e5 2. Bc4 d6 3. d3 Nf6 4. Nc3 Nc6 5. a3 Be7 6. Nge2 0-0 7. Ng3 Be6 8. Nd5 Na5 9. Ba2 b6 10. b4 Nb7 11. c4 Nxd5 12. cxd5 Bd7 13. 0-0 c5 14. dxc6 Bxc6 15. Bb2 Qd7 16. f4 exf4 17. Nf5 Bg5 18. Bxg7 d5 19. Qg4 f6 20. exd5 Bxd5 21. Bxd5+ Qxd5 22. Ne7+ 1-0

[Event "Wch Seniors 14th"]
[Site "Halle"]
[Date "2004.10.26"]
[Round "3"]
[White "Spassov, Liuben"]
[Black "Gohlke, Herbert"]
[Result "1-0"]
[WhiteElo "2377"]
[BlackElo "2191"]
[PlyCount "49"]
[EventDate "2004.10.24"]
[EventType "swiss"]
[EventRounds "11"]
[EventCountry "GER"]
[SourceTitle "EXT 2005"]
[Source "ChessBase"]
[SourceDate "2004.11.15"]
[SourceVersion "1"]
[SourceVersionDate "2004.11.15"]
[SourceQuality "1"]

1. d4 d5 2. c4 c6 3. Nc3 Nf6 4. e3 g6 5. Nf3 Bg7 6. Be2 0-0 7. 0-0 e6 8. b3 Ne4 9. Bb2 Nxc3 10. Bxc3 b6 11. Qc2 a5 12. a3 Nd7 13. b4 dxc4 14. Bxc4 axb4 15. axb4 Bb7 16. Rxa8 Bxa8 17. Be2 Qc7 18. Rc1 Qd6 19. Nd2 e5 20. Nc4 Qe6 21. dxe5 Nxe5 22. Nxb6 Bb7 23. Rd1 Ng4 24. Bxg7 Kxg7 25. Nd7 1-0

[Event "GER-chT Seniors 12th"]
[Site "Finsterbergen"]
[Date "2003.08.12"]
[Round "3.1"]
[White "Gohlke, Herbert"]
[Black "Werner, Ernst"]
[Result "1-0"]
[WhiteElo "2204"]
[BlackElo "1949"]
[PlyCount "71"]
[EventDate "2003.08.10"]
[EventType "team"]
[EventRounds "7"]
[EventCountry "GER"]
[SourceTitle "EXT 2012"]
[Source "ChessBase"]
[SourceDate "2011.11.24"]
[SourceVersion "1"]
[SourceVersionDate "2011.11.24"]
[SourceQuality "1"]
[WhiteTeam "Brandenburg II"]
[BlackTeam "Thueringen III"]
[WhiteTeamCountry "GER"]
[BlackTeamCountry "GER"]

1. e4 e5 2. Bc4 Nf6 3. Qe2 Be7 4. d3 Nc6 5. c3 Na5 6. Bb5 a6 7. Ba4 b5 8. Bc2 c5 9. f4 d6 10. Nf3 Nc6 11. 0-0 Qc7 12. Kh1 Bg4 13. f5 Bxf3 14. Qxf3 h5 15. a4 b4 16. Nd2 Na5 17. Nb3 Nc6 18. Bd2 Rb8 19. Qe2 a5 20. Nc1 Kd7 21. Bb3 Rbf8 22. Bc4 Kc8 23. Nb3 Kb7 24. Rac1 Qb6 25. Be3 Nd7 26. Bd5 f6 27. d4 Rc8 28. cxb4 axb4 29. dxc5 dxc5 30. a5 Qa6 31. Qf2 Rhd8 32. Bxc5 Nxc5 33. Nxc5+ Bxc5 34. Qxc5 Rc7 35. Qxb4+ Kc8 36. Be6+ 1-0